zpět

Detail výsledku týmu

Záložna ST, Pardubice

Datum a čas kvízu

30.5 Celkem bodů Celkový počet nahraných bodů na tomto kvízu bez doplňovacích otázek.
9. Pořadí na kvízu Konečné umístění týmu na tomto kvízu.

Zaznamenané odpovědi

# Otázka Odpověď Body Výsledky
1. Bývalá pražská primátorka Adri... C) detektivní román 0
2. Princ Harry a jeho manželka Me... megxit 1
3. Minulý týden byla zapsána na s... vamberecká (krajka) 1
4. První český výrobce nealkoholi... Mattoni, Košík.cz 1
5. Pekka Rinne se stal dvanáctým... Nashville Predators 1
6. Rožnovský tým Kačeři vyhrál mo... Dave Gahan 1
7. Jak se jmenuje umělec, který v... Marilyn Manson 0
8. Podle čeho si tato kapela vybr... B) podle časopisu 1
9. Gary Numan, Ultravox, Devo...... synthpop 1
10. Depešáci ovlivnili řadu hudebn... Shalom 1